Comuni italiani con la B - Statistics

Statistiche generali
  • Questo quiz è stato fatto 221 volte
    136 dall'ultimo reset
  • Il punteggio medio è 41 su 500
Statistiche sulle risposte
COMUNE PROVINCIA % Corretto
Bari (Provincia)
83%
Bee Verbania
76%
Brescia (Provincia)
74%
Belluno (Provincia)
73%
Biella (Provincia)
73%
Bologna (Provincia)
71%
Barletta (Provincia)
69%
Bergamo (Provincia)
69%
Bra Cuneo
69%
Bolzano (Provincia)
64%
Benevento (Provincia)
62%
Brindisi (Provincia)
62%
Bassano del Grappa Vicenza
52%
Bella Potenza
48%
Bisceglie BAT
46%
Bitonto Bari
43%
Bressanone Bolzano
38%
Bagheria Palermo
37%
Bollate Milano
35%
Bacoli Napoli
32%
Bard Aosta
30%
Badia Bolzano
27%
Bracciano Roma
26%
Battipaglia Salerno
25%
Bormio Sondrio
25%
Bellagio Como
24%
Bagnara Calabra Reggio Calabria
23%
Brembate Bergamo
23%
Brescello Reggio Emilia
23%
Bastia Umbra Perugia
21%
Bibbiano Reggio Emilia
21%
Bitetto Bari
21%
Bordighera Imperia
20%
Barcellona Pozzo di Gotto Messina
19%
Bronte Catania
19%
Baiano Avellino
18%
Baveno Verbania
18%
Bellaria-Igea Marina Rimini
18%
Biancavilla Catania
18%
Bagnacavallo Ravenna
17%
Baranzate Milano
17%
Barbara Ancona
17%
Bassiano Latina
17%
Bentivoglio Bologna
17%
Bitritto Bari
17%
Bobbio Piacenza
17%
Bosa Oristano
17%
Boscoreale Napoli
17%
Bova Reggio Calabria
17%
Badia Polesine Rovigo
15%
Bagno di Romagna Forlì-Cesena
15%
Bellano Lecco
15%
Bettola Piacenza
15%
Binasco Milano
15%
Bolsena Viterbo
15%
Borgomanero Novara
15%
Borgo Val di Taro Parma
15%
Boscotrecase Napoli
15%
Bresso Milano
15%
Bardolino Verona
14%
Bardonecchia Torino
14%
Baschi Terni
14%
Bovolenta Padova
14%
Breno Brescia
14%
Bagno a Ripoli Firenze
13%
Balestrate Palermo
13%
Barberino di Mugello Firenze
13%
Bassano Romano Viterbo
13%
Benna Biella
13%
Bivona Agrigrento
13%
Borgosesia Vercelli
13%
Basiglio Milano
12%
Belgioioso Pavia
12%
Belpasso Catania
12%
Bertinoro Forlì-Cesena
12%
Bianco Reggio Calabria
12%
Borgo San Lorenzo Firenze
12%
Bova Marina Reggio Calabria
12%
Brandizzo Torino
12%
Brennero Bolzano
12%
Bagni di Lucca Lucca
11%
Barbarano Romano Viterbo
11%
Bareggio Milano
11%
Barlassina Monza
11%
Barolo Cuneo
11%
Basiano Milano
11%
Bernate Ticino Milano
11%
Besate Milano
11%
Besozzo Varese
11%
Binetto Bari
11%
Bojano/Boiano Campobasso
11%
Bolognola Macerata
11%
Bore Parma
11%
Brolo Messina
11%
Badia Calavena Verona
10%
Badolato Catanzaro
10%
Bagnoli Irpino Avellino
10%
Barghe Brescia
10%
Baricella Bologna
10%
Baronissi Salerno
10%
Barrafranca Enna
10%
Barzanò Lecco
10%
Belforte Pesaro e Urbino
10%
Bellino Cuneo
10%
Besana in Brianza Monza
10%
Bevagna Perugia
10%
Biandrate Novara
10%
Bibbiena Arezzo
10%
Bibbona Livorno
10%
Biccari Foggia
10%
Bomarzo Viterbo
10%
Bomporto Modena
10%
Bondeno Ferrara
10%
Borgetto Palermo
10%
Borgo Valsugana Trento
10%
Bosco Chiesanuova Verona
10%
Bovino Foggia
10%
Bovolone Verona
10%
Bozzolo Mantova
10%
Bracca Bergamo
10%
Badesi Sassari
8%
Bagnara di Romagna Ravenna
8%
Bagnasco Cuneo
8%
Bagnolo Mella Brescia
8%
Baragiano Potenza
8%
Barberino Tavarnelle Firenze
8%
Bari Sardo Nuoro
8%
Basciano Teramo
8%
Bedizzole Brescia
8%
Bellizzi Salerno
8%
Bellona Caserta
8%
Bellosguardo Salerno
8%
Berceto Parma
8%
Bettona Perugia
8%
Bevilacqua Verona
8%
Bisacquino Palermo
8%
Bitti Nuoro
8%
Boffalora d'Adda Lodi
8%
Boffalora sopra Ticino Milano
8%
Borgo Ticino Novara
8%
Boschi Sant'Anna Verona
8%
Bosisio Parini Lecco
8%
Botricello Catanzaro
8%
Bovisio Masciago Monza
8%
Brembate di Sopra Bergamo
8%
Brisighella Ravenna
8%
Brivio Lecco
8%
Baceno Verbania
7%
Badia Pavese Pavia
7%
Badia Tedalda Arezzo
7%
Bagolino Brescia
7%
Baranello Campobasso
7%
Barano d'Ischia Napoli
7%
Barbaresco Cuneo
7%
Bardi Parma
7%
Barga Lucca
7%
Barge Cuneo
7%
Bastiglia Modena
7%
Beinasco Torino
7%
Bellinzago Lombardo Milano
7%
Bereguardo Pavia
7%
Berzo Demo Brescia
7%
Berzo Inferiore Brescia
7%
Besano Varese
7%
Besnate Varese
7%
Biassono Monza
7%
Bienno Brescia
7%
Bolognetta Palermo
7%
Bomba Chieti
7%
Bompensiere Caltanissetta
7%
Bonate Sopra Bergamo
7%
Bonate Sotto Bergamo
7%
Bono Sassari
7%
Boretto Reggio Emilia
7%
Borghi Forlì-Cesena
7%
Borgo San Dalmazzo Cuneo
7%
Borgo Vercelli Vercelli
7%
Borgo Virgilio Mantova
7%
Brenna Como
7%
Brenta Varese
7%
Brentonico Trento
7%
Bagnoli del Trigno Isernia
6%
Bagnoli di Sopra Padova
6%
Bagnolo in Piano Reggio Emilia
6%
Bagnoregio Viterbo
6%
Baldissero Canavese Torino
6%
Bariano Bergamo
6%
Barrea L'Aquila
6%
Bassano Bresciano Brescia
6%
Belfiore Verona
6%
Belmonte Mezzagno Palermo
6%
Belsito Cosenza
6%
Bernalda Matera
6%
Besenzone Piacenza
6%
Bientina Pisa
6%
Bione Brescia
6%
Bisaccia Avellino
6%
Blera Viterbo
6%
Blufi Palermo
6%
Bogliasco Genova
6%
Bolzano Vicentino Vicenza
6%
Bondone Trento
6%
Bonefro Campobasso
6%
Bonito Avellino
6%
Borca di Cadore Belluno
6%
Borgo a Mozzano Lucca
6%
Borgo Pace Pesaro/Urbino
6%
Borgoricco Padova
6%
Borgo San Giacomo Brescia
6%
Borgo San Giovanni Lodi
6%
Borgosatollo Brescia
6%
Borgo Veneto Padova
6%
Bormida Savona
6%
Borno Brescia
6%
Bossolasco Cuneo
6%
Bovalino Reggio Calabria
6%
Bovegno Brescia
6%
Bracigliano Salerno
6%
Braies Bolzano
6%
Breganze Vicenza
6%
Brenzone sul Garda Verona
6%
Brione Brescia
6%
Broni Pavia
6%
Bagaladi Reggio Calabria
5%
Bagnatica Bergamo
5%
Bagnolo Cremasco Cremona
5%
Bagnolo del Salento Lecce
5%
Bagnone Massa-Carrara
5%
Baiso Reggio Emilia
5%
Baldissero Torinese Torino
5%
Balocco Vercelli
5%
Balvano Potenza
5%
Barcis Pordenone
5%
Barni Como
5%
Barumini Sud Sardegna
5%
Basicò Messina
5%
Bassano in Teverina Viterbo
5%
Baucina Palermo
5%
Bedonia Parma
5%
Belgirate Verbania
5%
Belvedere Ostrense Ancona
5%
Berbenno Bergamo
5%
Bergantino Rovigo
5%
Bergolo Cuneo
5%
Berlingo Brescia
5%
Biandronno Varese
5%
Bisenti Teramo
5%
Bisignano Cosenza
5%
Bleggio Superiore Bergamo
5%
Blevio Como
5%
Boara Pisani Padova
5%
Boltiere Bergamo
5%
Bompietro Palermo
5%
Bonavigo Verona
5%
Bonea Benevento
5%
Borbona Rieti
5%
Borgaro Torinese Torino
5%
Borgorose Rieti
5%
Borgo Valbelluna Belluno
5%
Borso del Grappa Treviso
5%
Bosconero Torino
5%
Bosia Cuneo
5%
Bossico Bergamo
5%
Botrugno Lecce
5%
Bottanuco Bergamo
5%
Botticino Brescia
5%
Brancaleone Reggio Calabria
5%
Braone Brescia
5%
Brebbia Varese
5%
Briatico Vibo Valentia
5%
Briga Alta Cuneo
5%
Briga Novarese Novara
5%
Badalucco Imperia
4%
Bagnolo di Po Rovigo
4%
Bagnolo Piemonte Cuneo
4%
Baldissero d'Alba Cuneo
4%
Ballabio Lecco
4%
Balsorano L'Aquila
4%
Banzi Potenza
4%
Baone Padova
4%
Barasso Varese
4%
Barbarano Mossano Vicenza
4%
Barbariga Brescia
4%
Barbata Bergamo
4%
Barbiano Bolzano
4%
Barbona Padova
4%
Barone Canavese Torino
4%
Barzago Lecco
4%
Barzana Bergamo
4%
Bascapè Pavia
4%
Baselga di Pinè Trento
4%
Battaglia Terme Padova
4%
Battifollo Cuneo
4%
Baunei Nuoro
4%
Belforte del Chienti Macerata
4%
Bellante Teramo
4%
Bellegra Roma
4%
Bellusco Monza
4%
Belmonte Castello Frosinone
4%
Belmonte del Sannio Isernia
4%
Belmonte in Sabina Rieti
4%
Belmonte Piceno Fermo
4%
Belvedere Marittimo Cosenza
4%
Benestare Reggio Calabria
4%
Benetutti Sassari
4%
Bene Vagienna Cuneo
4%
Benevello Cuneo
4%
Bernareggio Monza
4%
Bianchi Cosenza
4%
Binago Como
4%
Bisuschio Varese
4%
Boca Novara
4%
Bodio Lomnago Varese
4%
Bollengo Torino
4%
Bolognano Pescara
4%
Bolzano Novarese Novara
4%
Bonassola Spezia
4%
Borgocarbonara Mantova
4%
Borgo Chiese Trento
4%
Borgo d'Ale Vercelli
4%
Borgolavezzaro Novara
4%
Borgomale Cuneo
4%
Borgo Mantovano Mantova
4%
Borgomasino Torino
4%
Borgone Susa Torino\
4%
Borgonovo Val Tidone Piacenza
4%
Borgo San Martino Alessandria
4%
Borgo Tossignano Bologna
4%
Borgo Velino Rieti
4%
Borore Nuoro
4%
Borrello Chieti
4%
Bortigali Nuoro
4%
Borutta Sassari
4%
Boves Cuneo
4%
Bovezzo Brescia
4%
Brentino Belluno Verona
4%
Brienza Potenza
4%
Brossasco Cuneo
4%
Bagnaria Pavia
2%
Bagnaria Arsa Udine
2%
Bagnolo San Vito Mantova
2%
Baia e Latina Caserta
2%
Bairo Torino
2%
Balangero Torino
2%
Baldichieri d'Asti Asti
2%
Ballao Sud Sardegna
2%
Banari Sassari
2%
Baradili Oristano
2%
Baratili San Pietro Oristano
2%
Barbania Torino
2%
Barbianello Pavia
2%
Bardello con Malgesso e Bregano Varese
2%
Bardineto Savona
2%
Barengo Novara
2%
Barete L'Aquila
2%
Bargagli Genova
2%
Barisciano L'Aquila
2%
Barzio Lecco
2%
Basaluzzo Alessandria
2%
Baselice Benevento
2%
Basiliano Udine
2%
Bastia Mondovì Cuneo
2%
Belcastro Catanzaro
2%
Belmonte Calabro Cosenza
2%
Belvedere di Spinello Crotone
2%
Belvedere Langhe Cuneo
2%
Belveglio Asti
2%
Belvì Nuoro
2%
Bene Lario Como
2%
Berbenno di Valtellina Sondrio
2%
Berchidda Sassari
2%
Bergeggi Savona
2%
Bernezzo Cuneo
2%
Bertiolo Udine
2%
Berzo San Fermo Bergamo
2%
Bessude Sassari
2%
Beura-Cardezza Verbania
2%
Bianzano Bergamo
2%
Bianzè Vercelli
2%
Bianzone Sondrio
2%
Bibiana Torino
2%
Bidonì Oristano
2%
Bieno Trento
2%
Birori Nuoro
2%
Bisegna L'Aquila
2%
Bistagno Alessandria
2%
Bizzarone Como
2%
Blello Bergamo
2%
Bobbio Pellice Torino
2%
Bognanco Verbania
2%
Boissano Savona
2%
Bolano Spezia
2%
Bolgare Bergamo
2%
Bolotana Nuoro
2%
Bonarcado Oristano
2%
Bonifati Cosenza
2%
Bonnanaro Sassari
2%
Bonorva Sassari
2%
Bonvicino Cuneo
2%
Bordano Udine
2%
Bordolano Cremona
2%
Borghetto d'Arroscia Imperia
2%
Borghetto di Borbera Alessandria
2%
Borghetto di Vara Spezia
2%
Borghetto Lodigiano Lodi
2%
Borghetto Santo Spirito Savona
2%
Borgia Catanzaro
2%
Borgiallo Torino
2%
Borgio Verezzi Savona
2%
Borgo d'Anaunia Trento
2%
Borgo di Terzo Bergamo
2%
Borgo Lares Trento
2%
Borgomaro Imperia
2%
Borgomezzavalle Verbania
2%
Borgoratto Alessandrino Alessandria
2%
Borgo San Siro Pavia
2%
Bornasco Pavia
2%
Bortigiadas Sassari
2%
Borzonasca Genova
2%
Bosaro Rovigo
2%
Bosco Marengo Alessandria
2%
Bottidda Sassari
2%
Brandico Brescia
2%
Breda di Piave Treviso
2%
Brembio Lodi
2%
Breme Pavia
2%
Brendola Vicenza
2%
Bressanvido Vicenza
2%
Brienno Como
2%
Brignano Gera Bergamo
2%
Brindisi Montagna Potenza
2%
Briosco Monza
2%
Broccostella Frosinone
2%
Balme Torino
1%
Balmuccia Vercelli
1%
Balzola Alessandria
1%
Banchette Torino
1%
Bannio Anzino Verbania
1%
Baressa Oristano
1%
Barile Potenza
1%
Barrali Sud Sardegna
1%
Bassignana Alessandria
1%
Bastida Pancarana Pavia
1%
Battuda Pavia
1%
Bauladu Oristano
1%
Bedero Valcuvia Varese
1%
Bedollo Trento
1%
Beinette Cuneo
1%
Belforte Monferrato Alessandria
1%
Bema Sondrio
1%
Beregazzo con Figliaro Como
1%
Bergamasco Alessandria
1%
Bertonico Lodi
1%
Berzano di San Pietro Asti
1%
Berzano di Tortona Alessandria
1%
Besenello Trento
1%
Beverino Spezia
1%
Bicinicco Udine
1%
Bioglio Biella
1%
Bionaz Aosta
1%
Blessagno Como
1%
Bocchigliero Cosenza
1%
Boccioleto Vercelli
1%
Bocenago Trento
1%
Bogogno Novara
1%
Bonemerse Cremona
1%
Borgarello Pavia
1%
Borgofranco d'Ivrea Torino
1%
Borgo Priolo Pavia
1%
Borgoratto Mormorolo Pavia
1%
Boroneddu Oristano
1%
Borriana Biella
1%
Bosnasco Pavia
1%
Boville Ernica Frosinone
1%
Bozzole Alessandria
1%
Brallo di Pregola Pavia
1%
Branzi Bergamo | Torino
1%
Bregnano Como
1%
Bressana Bottarone Pavia
1%
Briaglia Cuneo
1%
Brignano Frascata Alessandria
1%
Brogliano Vicenza
1%
Brognaturo Vibo Valentia
1%
Brondello Cuneo
1%
Bronzolo Bolzano
1%
Brosso Torino
1%
Bajaro Imperia
0%
Bellinzago Novese Novara
0%
Bivonigi Reggio Calabria
0%
Bresimo Trento
0%
Bresso di Bedero Varese
0%
Bricherasio Torino
0%
Brinzio Varese
0%
Briona Novara
0%
Brissago-Valtravaglia Varese
0%
Brissogne Aosta
0%
Brittoli Pescara
0%
Brovello-Carpugino Verbania
0%
Nessun quiz corrispondente trovato
Distribuzione punteggi
Percentuale di utenti per punteggio
Percentile per numero di risposta
I tuoi punteggi nel tempo
Non hai fatto questo quiz dall'ultimo reset